000 00488nmm a2200157Ia 4500
008 251105s9999||||xx |||||||||||||||||und||
020 _a9789876990646
041 _aspa
100 _aSimón, Gabriela
245 0 _aVariaciones Orfeo : el mito en la filosofía, la literatura, el teatro y la música
264 _a[Buenos Aires, Argentina] :
_bEduvim,
_c2013
300 _a258 páginas
650 _aMythology
856 _uhttps://public.digitaliapublishing.com/a/30566
942 _cCF
999 _c97576
_d97576